[Event "17th Asian Continental-ch Open 2018"]
[Site "Makati City"]
[Date "2018.12.13"]
[Round "4.26"]
[White "Laylo, Darwin"]
[Black "Montoya, Edsel"]
[Result "1-0"]
[WhiteElo "2438"]
[BlackElo "2312"]
[Annotator "TA"]
[PlyCount "101"]
[EventDate "2018.12.07"]
[EventType "swiss"]
[EventRounds "9"]
[EventCountry "PHI"]

{[%evp 15,101,12,22,0,-13,-8,4,0,55,29,75,78,99,107,114,79,98,67,142,101,106,23,106,103,117,88,148,143,154,132,130,137,157,90,172,158,159,155,277,249,265,241,399,407,368,364,379,359,371,360,373,333,330,283,375,357,387,355,550,539,578,459,687,678,662,655,630,539,533,518,508,426,486,438,447,410,537,537,522,537,589,610,873,816,861,817,781,780]} 1. d4 Nf6 2. c4 g6 3. Nc3 Bg7 4. e4 d6 5. Nge2 a6 6. Ng3 O-O 7. Be2 c6 8. a4 a5 {LiveBook: 15 Games. E70: King's Indian: Miscellaneous lines with 4 e4, including 5 Nge2 and 5 Bd3 0-0 6 Nge2} 9. h4 (9. O-O e5 10. d5 Na6 11. Be3 Qe7 12. Rc1 Nd7 13. Bd3 Ndc5 14. Bc2 Nb4 15. Qd2 cxd5 16. Nxd5 Nxd5 17. cxd5 {½-½ (45) Nosenko,A (2496)-Miroshnichenko,E (2642) Alushta 2008}) 9... h5 10. Bg5 Nbd7 {The position is equal.} 11. Qd2 Re8 $146 (11... e5 $11) ({Predecessor:} 11... Qc7 12. Rc1 Re8 13. f4 e5 14. fxe5 dxe5 15. d5 {0-1 (56) Wanger,T (1801)-Koszo,A (1829) Miskolc 2010}) 12. Rd1 c5 {[#]} 13. d5 $1 Nh7 14. Bh6 Bf6 15. Nf1 Ne5 16. Ne3 e6 ({Better is} 16... Ng4 $1 $14 17. Nxg4 Bxg4) 17. g3 exd5 18. cxd5 ({White should play} 18. Nexd5 $16 {next f3 is good for White.} Bg4 19. O-O) 18... Bd7 (18... Ng4 $11 {keeps the balance.} 19. Nxg4 hxg4) 19. O-O $16 Bh3 20. Rfe1 Qc8 (20... g5 $142) 21. Nb5 Ra6 22. Nc4 Nxc4 23. Bxc4 Bg4 24. Be2 (24. Rc1 $142) 24... Be5 (24... Bxe2 $16 25. Qxe2 (25. Rxe2 Bxh4 26. Qf4 Be7 $14) 25... Nf8) 25. f3 $18 Bd7 26. Bf4 Bxb5 (26... Qd8 $16 27. Rb1 Qb8 28. Bxe5 Rxe5) 27. Bxb5 Bd4+ 28. Kh2 Ra8 $2 (28... Qa8 29. Be3 Bxe3 30. Rxe3 Nf6) 29. Bxd6 Rd8 30. Be7 Qc7 31. Bxd8 Rxd8 32. Bc4 Kg7 33. Kg2 Nf6 34. f4 Ng4 35. e5 Qd7 36. e6 fxe6 (36... Qxa4 {is a better defense.} 37. e7 Rb8) 37. Rxe6 Qxa4 38. b3 Qd7 (38... Qb4 $142 39. Qd3 Nf6) 39. Rde1 {Strongly threatening Re7+.} Bf6 40. Qxa5 b5 41. Qxb5 Qxb5 42. Bxb5 Rxd5 43. Bc4 Rd2+ 44. R6e2 Rd6 45. Be6 Nh6 46. Ra2 {White is clearly winning.} Bc3 47. Re3 Bd4 48. Re4 Kf6 49. Bc4 Ng4 50. Kf3 Rd7 {[#]} 51. b4 $1 {Accuracy: White = 65%, Black = 32%.} 1-0

[Event "17th Asian Continental-ch Open 2018"]
[Site "Makati City"]
[Date "2018.12.13"]
[Round "4.27"]
[White "Dimakiling, Oliver"]
[Black "Song, Yuxin"]
[Result "1/2-1/2"]
[WhiteElo "2434"]
[BlackElo "2206"]
[Annotator "TA"]
[PlyCount "151"]
[EventDate "2018.12.07"]
[EventType "swiss"]
[EventRounds "9"]
[EventCountry "PHI"]

{[%evp 13,151,6,5,12,7,9,4,-32,-13,-18,-18,-31,-11,-14,-6,-17,0,-13,16,-33,0,0,7,-1,0,0,17,-23,-8,-12,-13,-14,-12,-9,101,89,92,53,121,120,114,118,109,113,111,111,241,132,135,91,194,98,97,106,122,83,90,69,98,16,40,34,41,34,34,41,41,0,50,0,50,50,62,18,18,16,21,14,19,18,21,19,16,15,21,15,19,10,135,19,16,21,14,14,51,36,39,21,27,0,0,0,0,0,8,10,8,8,8,8,8,8,12,8,8,8,8,8,8,8,8,8,8,8,8,8,8,0,75,0,8,8,8,8,8,8,8,8,8,8]} 1. Nf3 Nf6 2. d4 e6 3. g3 d5 4. Bg2 Be7 5. O-O O-O 6. Nbd2 b5 7. a4 b4 {LiveBook: 3 Games} 8. c4 {D02: 1 d4 d5 2 Nf3 sidelines, including 2...Nf6 3 g3 and 2...Nf6 3 Bf4} bxc3 9. bxc3 Nbd7 10. Re1 Bb7 (10... Rb8 11. Qc2 c5 12. e4 dxe4 13. Nxe4 Nxe4 14. Qxe4 {0-1 (54) Roos,D (2383)-Epishin,V (2567) Vaujany 2012}) 11. a5 $146 ({Predecessor:} 11. c4 dxc4 12. Nxc4 {0-1 (27) Anic,D (2430)-Jackson,S (2110) Metz 1991}) 11... Rb8 12. Ba3 c5 13. e3 Re8 14. Qc2 Qc7 15. Rec1 e5 16. Qd1 Bc6 17. c4 exd4 18. cxd5 Bxd5 {Strongly threatening ...dxe3.} 19. exd4 Rbc8 20. Nf1 {[%cal Bd2f1,Bf1e3,Be3c4,Bc4d6][%mdl 32]} Qb7 21. a6 Qa8 22. Ne3 Be4 23. Nc4 cxd4 (23... Rc7 $11) 24. Bxe7 $16 Rxe7 25. Nd6 $36 {[%mdl 2048] White is pushing.} Rd8 (25... Rce8 $1 $14) 26. Nxe4 Nxe4 27. Nxd4 Nb6 28. Qd3 Qd5 29. Rd1 $1 Rc8 {[#]} (29... Red7 $16 {was necessary.}) 30. Re1 (30. Qb1 $1 $18) 30... Rce8 31. Rad1 {aiming for Qc2.} Na4 (31... f5 $16) 32. Nb5 (32. Qc2 $18 Nac5 33. Nb5) 32... Qxd3 33. Rxd3 f5 34. Rde3 {Hoping for Nd6!} Kf8 35. g4 Nec5 36. Nd6 ({White should play} 36. Bb7 $16) 36... Rxe3 37. fxe3 Re6 38. Nxf5 g6 39. Nd4 Rxa6 40. Bd5 Kg7 41. Rf1 Rf6 42. Rc1 Rd6 43. Bf3 Ne6 44. Nxe6+ Rxe6 $11 {[%mdl 4096] Endgame KRB-KRN} 45. Rc7+ Kf6 46. Kf2 Re7 47. g5+ Ke6 48. Rc6+ Ke5 49. h4 Nb2 50. Ke2 Rd7 {[#]} (50... Na4 $11 {remains equal.}) 51. Rc5+ (51. Rc2 $1 $16 {[%cal Rc2b2]} Nd3 52. Bg4) 51... Kd6 52. Rc2 Na4 53. Rc6+ Ke7 54. Bg4 Rb7 55. Kf3 Nb6 56. Rc5 Kd6 57. Ra5 Re7 58. e4 Rf7+ 59. Kg3 {And now e5+ would win.} Re7 60. Bf3 Nc4 61. Rd5+ Kc6 62. e5 a5 63. Rxa5+ Kb6 64. Ra8 Nxe5 65. Bd5 Kc5 66. Ba2 Kd4 67. Ra4+ Ke3 68. Bb1 Nc6 69. h5 gxh5 70. Kh4 Rb7 (70... Nd4 $11) 71. Ra1 (71. Be4 $16 Rb6 72. Bxh7) 71... Rb5 {The position is equal.} 72. Bxh7 {Black must now prevent g6.} Nd4 73. Ra3+ Kf2 74. Be4 Ne6 $1 75. Rf3+ Ke2 76. Bd3+ {Accuracy: White = 44%, Black = 46%.} 1/2-1/2

[Event "17th Asian Continental-ch Open 2018"]
[Site "Makati City"]
[Date "2018.12.13"]
[Round "4.28"]
[White "Jacutina, John Merill"]
[Black "Docena, Jerad"]
[Result "1/2-1/2"]
[WhiteElo "2296"]
[BlackElo "2426"]
[Annotator "TA"]
[PlyCount "30"]
[EventDate "2018.12.07"]
[EventType "swiss"]
[EventRounds "9"]
[EventCountry "PHI"]

{[%evp 16,30,16,9,36,45,40,0,48,27,22,20,24,0,25,0,20]} 1. e4 c5 2. b3 Nc6 3. Bb2 d6 4. g3 Nf6 5. Bg2 g6 6. Ne2 Bg7 7. O-O O-O 8. d4 cxd4 {A01: Nimzowitsch-Larsen Opening} 9. Nxd4 {LiveBook: 14 Games} Qb6 (9... Nxd4 10. Bxd4 Bg4 11. Qd2 Qd7 12. Re1 Rac8 13. a4 a6 14. c4 b5 15. cxb5 axb5 16. a5 {1-0 (32) Granda Zuniga,J (2672)-Bekker Jensen,S (2456) Escaldes 2016}) 10. Nxc6 bxc6 {White is slightly better.} 11. c4 Qc5 $146 ({Predecessor:} 11... a5 12. Qd2 Rd8 {1-0 (67) Kraft,V (2404)-Hilverda,A (2293) Bayern 2013}) 12. Bd4 Qa5 13. Bc3 Qc5 14. Bd4 Qa5 15. Bc3 Qc5 $1 1/2-1/2

[Event "17th Asian Continental-ch Open 2018"]
[Site "Makati City"]
[Date "2018.12.13"]
[Round "4.29"]
[White "Bai, Adelard"]
[Black "Wang, Shixu B"]
[Result "0-1"]
[WhiteElo "2100"]
[BlackElo "2342"]
[PlyCount "76"]
[EventDate "2018.12.07"]
[EventType "swiss"]
[EventRounds "9"]
[EventCountry "PHI"]
[TimeControl "40/5400+30:1800+30"]

1. d4 Nf6 2. c4 e6 3. g3 Bb4+ 4. Bd2 c5 5. Bxb4 cxb4 6. Bg2 O-O 7. e4 d6 8. Ne2 e5 9. a3 Qb6 10. O-O Bg4 11. f3 Be6 12. b3 Nc6 13. axb4 exd4 14. Kh1 Qxb4 15. Nxd4 Nxd4 16. Qxd4 Qxb3 17. Nd2 Qb6 18. Qxb6 axb6 19. Rfb1 Nd7 20. Bf1 Ra6 21. f4 g6 22. Nf3 Rfa8 23. Rxa6 bxa6 24. Nd4 Rc8 25. c5 Rxc5 26. Bxa6 Bh3 27. Nf3 Rc2 28. Ne1 Rc3 29. Nd3 Bg4 30. Re1 Ra3 31. Bc4 Nc5 32. Nxc5 dxc5 33. Rb1 Ra4 34. Bd5 Rb4 35. Ra1 Bf3+ 36. Kg1 Bxe4 37. Ra8+ Kg7 38. Ba2 Bxa8 0-1

[Event "17th Asian Continental-ch Open 2018"]
[Site "Makati City"]
[Date "2018.12.13"]
[Round "4.30"]
[White "Nouri, Alekhine"]
[Black "Young, Angelo"]
[Result "1-0"]
[WhiteElo "2013"]
[BlackElo "2282"]
[PlyCount "123"]
[EventDate "2018.12.07"]
[EventType "swiss"]
[EventRounds "9"]
[EventCountry "PHI"]
[TimeControl "40/5400+30:1800+30"]

1. e4 c5 2. Nf3 Nc6 3. d4 cxd4 4. Nxd4 Qb6 5. Nb3 g6 6. Nc3 Bg7 7. Nd5 Qd8 8. h4 h5 9. c3 e6 10. Nf4 Nf6 11. Bd3 O-O 12. O-O b6 13. Nh3 Ne5 14. Bc2 Bb7 15. Ng5 Qc7 16. Bf4 Rfd8 17. Nd4 Ba6 18. Re1 Rac8 19. Bb3 Qc5 20. Bc2 Nfg4 21. Bg3 Nc4 22. Nb3 Qe7 23. Rb1 Bb7 24. Nd4 d5 25. e5 Na5 26. f4 Nc6 27. Ndxe6 fxe6 28. Bxg6 Rf8 29. Bxh5 Nh6 30. Bg6 d4 31. cxd4 Rcd8 32. Be4 Nxd4 33. Bxb7 Qxb7 34. Qh5 Rf5 35. Qg6 Rxg5 36. fxg5 Qf7 37. Qxf7+ Nxf7 38. Re4 Rd5 39. Rbe1 Kh7 40. Kf2 Nf5 41. Bf4 Kg6 42. h5+ Kxh5 43. g4+ Kg6 44. gxf5+ Kxf5 45. g6 Nh8 46. Ke3 Kxg6 47. Rd4 Rxd4 48. Kxd4 Bf8 49. Ke4 Nf7 50. Rg1+ Kh7 51. Rc1 Bc5 52. b4 Bxb4 53. Rc7 Kg6 54. Rxa7 Bc5 55. a4 Bf2 56. Ra6 Nd8 57. Be3 Bxe3 58. Kxe3 Kf5 59. Rxb6 Nf7 60. a5 Nxe5 61. Rb5 Kf6 62. Rxe5 1-0

[Event "17th Asian Continental-ch Open 2018"]
[Site "Makati City"]
[Date "2018.12.13"]
[Round "4.31"]
[White "Schain, Randolph"]
[Black "Pangilinan, Stephen Rome"]
[Result "0-1"]
[WhiteElo "2229"]
[BlackElo "2276"]
[PlyCount "100"]
[EventDate "2018.12.07"]
[EventType "swiss"]
[EventRounds "9"]
[EventCountry "PHI"]
[TimeControl "40/5400+30:1800+30"]

1. d4 d5 2. Nc3 Bf5 3. Nf3 e6 4. g3 h6 5. Bg2 Nf6 6. O-O Nbd7 7. Bf4 c6 8. Re1 Be7 9. Ne5 O-O 10. e4 Bh7 11. Qe2 Bb4 12. Nxd7 Nxd7 13. a3 Bxc3 14. bxc3 Bxe4 15. Bxe4 dxe4 16. Qxe4 Nb6 17. Rab1 Qd7 18. Qd3 Rfd8 19. Re4 Rac8 20. Rbe1 c5 21. Be5 f5 22. R4e2 cxd4 23. cxd4 Nc4 24. Qf3 Rc6 25. c3 Nxa3 26. g4 Rf8 27. Bf4 Qd5 28. Qg3 fxg4 29. Bc1 Nc4 30. Re4 h5 31. Qh4 Rf7 32. Re5 Nxe5 33. Rxe5 Qf3 34. Rxh5 Qd1+ 35. Kg2 Qf3+ 36. Kg1 Rf5 37. Qd8+ Rf8 38. Qh4 Qd1+ 39. Kg2 Qf3+ 40. Kg1 Kf7 41. Ba3 Re8 42. Rg5 Qd1+ 43. Kg2 Qf3+ 44. Kg1 Qh3 45. Rxg7+ Kxg7 46. Qg5+ Kh7 47. d5 exd5 48. Qf5+ Kh8 49. Be7 Qh6 50. Qxd5 Re6 0-1

[Event "17th Asian Continental-ch Open 2018"]
[Site "Makati City"]
[Date "2018.12.13"]
[Round "4.32"]
[White "Orio, Rogelio L."]
[Black "Gong, Daniel Hanwen"]
[Result "0-1"]
[WhiteElo "1791"]
[BlackElo "2270"]
[PlyCount "92"]
[EventDate "2018.12.07"]
[EventType "swiss"]
[EventRounds "9"]
[EventCountry "PHI"]
[TimeControl "40/5400+30:1800+30"]

1. d4 d6 2. c3 g6 3. Bg5 Bg7 4. e4 Nf6 5. Nd2 O-O 6. Be2 c5 7. d5 e6 8. h4 exd5 9. exd5 h6 10. Bxf6 Qxf6 11. Ne4 Qe7 12. f3 f5 13. Ng3 Bf6 14. Qa4 b5 15. Qf4 Be5 16. Qxh6 Bxg3+ 17. Kd2 Rf6 18. Bxb5 f4 19. Ne2 Bf2 20. a3 Bf5 21. Rae1 Qb7 22. Nd4 Be3+ 23. Rxe3 fxe3+ 24. Qxe3 cxd4 25. Qxd4 Qxb5 26. c4 Qa5+ 27. b4 Qxa3 28. Qxf6 Qxb4+ 29. Ke3 Nd7 30. Qd4 Qc5 31. Qxc5 Nxc5 32. g4 Bd3 33. Kd4 a5 34. h5 gxh5 35. Rxh5 a4 36. Rh1 a3 37. Kc3 a2 38. Ra1 Be2 39. f4 Ra3+ 40. Kb2 Rb3+ 41. Kc2 Bd3+ 42. Kd2 Bxc4 43. Rc1 Rb1 44. Rxc4 a1=Q 45. f5 Qb2+ 46. Rc2 Qd4+ 0-1

[Event "17th Asian Continental-ch Open 2018"]
[Site "Makati City"]
[Date "2018.12.14"]
[Round "5"]
[White "Adhiban, Baskaran"]
[Black "Jumabayev, Rinat"]
[Result "1/2-1/2"]
[WhiteElo "2695"]
[BlackElo "2602"]
[Annotator "TA"]
[PlyCount "134"]
[EventDate "2018.12.07"]
[EventType "swiss"]
[EventRounds "9"]
[EventCountry "PHI"]
[SourceTitle "playchess.com"]
[Source "ChessBase"]
[SourceQuality "1"]

{[%evp 12,134,32,31,63,53,59,54,52,59,55,28,26,15,16,8,8,14,10,0,0,0,0,-12,0,-28,-4,-9,9,11,0,-46,-21,-54,-25,-38,-33,-28,-33,-37,-33,-35,-25,-51,-22,-56,-57,-54,-43,-54,0,-56,0,-50,-41,-43,-31,-49,-55,-58,-53,-50,-28,-36,0,0,0,0,0,0,0,0,0,-5,0,0,0,-27,-28,-40,-40,-41,-34,-94,-87,-69,-18,-89,-87,-76,-44,-44,-42,-37,-58,-77,-57,-80,0,0,-9,-69,-14,-126,-41,-41,-41,-41,0,-11,-11,-49,-49,-49,-49,-48,0,0,0,0,0,0,0,0,0]} 1. Nf3 d5 2. c4 e6 3. g3 Nf6 4. Bg2 dxc4 5. O-O a6 6. Qc2 {A13: English Opening: 1...e6} Nbd7 7. a4 {LiveBook: 39 Games} Nb6 8. a5 {White is slightly better.} Nbd5 9. Qxc4 b5 $146 ({Predecessor:} 9... Bd7 10. Nc3 Nxc3 11. bxc3 Bb5 12. Qb3 Bxe2 13. Re1 Bb5 14. Nd4 {1-0 (40) Tomashevsky,E (2714)-Rabiega,R (2514) Berlin 2018}) 10. axb6 $1 cxb6 11. Nc3 Bb7 12. d4 b5 13. Qb3 Be7 14. Ne5 O-O 15. Bg5 Nxc3 16. bxc3 Bxg2 17. Kxg2 Qb6 18. e3 Qb7+ 19. Kg1 Ne4 20. Bxe7 Qxe7 21. Qc2 Nd6 22. Nd3 Qc7 23. Nc5 a5 24. Rfb1 Qc6 25. Qd3 h6 26. Qf1 Rfc8 27. Qg2 Qb6 28. Na4 Qd8 29. Nc5 Rab8 30. Na6 Ra8 31. Nc5 Qb6 32. Na4 Qa7 33. Nc5 Rab8 34. Qf3 Nc4 35. Ra2 a4 {[%cal Ba5a4,Ba4a3][%mdl 32]} 36. Rb4 a3 37. Qd1 Rxc5 38. dxc5 Qxc5 39. Qb3 Qc6 {next ...Rd8 is good for Black.} 40. Rxc4 Qxc4 41. Rxa3 $11 {[%mdl 4096] Endgame KQR-KQR} Qd3 42. Ra1 Rc8 43. Rd1 Qe2 44. Rd7 Rc5 $36 {[%mdl 2048] White is under pressure.} 45. Qb1 {[%cal Rd7d8] [#]} Rf5 46. Qf1 Qc2 47. Rd3 (47. g4 $15 Rc5 48. Qd3 Qxd3 49. Rxd3) 47... Kh7 48. Rd7 h5 (48... Qxc3 $15 49. g4 Rg5) 49. h3 (49. Qe1 $11 {keeps the balance.}) 49... Qxc3 $17 50. e4 Qc6 51. Qd3 Rf3 52. Qxf3 Qxd7 53. Qxh5+ $15 {KQ-KQ} Kg8 54. Qc5 {[#]} Qb7 ({Black should play} 54... Qd1+ $1 $17 55. Kg2 Qd3 56. Qc8+ Kh7) 55. Qb4 $11 Qa6 56. Qc5 ({White should try} 56. Qe7 $11) 56... Qa4 (56... Qa1+ $15 57. Kg2 Qa4) 57. Qc8+ Kh7 {...b4 is the strong threat.} 58. Qd7 $1 Kg6 59. h4 {[%cal Bh3h4,Bh4h5][%mdl 32]} Qa1+ 60. Kh2 b4 {Threatens to win with ...Qe1.} 61. h5+ Kh7 {White must now prevent ...Qe1.} 62. Qxf7 Qf6 63. Qa7 $1 b3 64. Qb6 {The position is equal.} b2 65. f4 Qc3 {And now ...Qc2+ would win.} 66. Qxe6 Qd2+ (66... b1=Q $5 67. Qg6+ $8 Kh8 68. Qe8+ Kh7 69. Qg6+ Kh8 70. Qe8+ Kh7 71. Qg6+ $11) 67. Kh3 b1=Q {Accuracy: White = 58%, Black = 51%.} 1/2-1/2

[Event "17th Asian Continental-ch Open 2018"]
[Site "Makati City"]
[Date "2018.12.14"]
[Round "5"]
[White "Ni, Hua"]
[Black "Wei, Yi"]
[Result "1/2-1/2"]
[WhiteElo "2683"]
[BlackElo "2728"]
[Annotator "TA"]
[PlyCount "25"]
[EventDate "2018.12.07"]
[EventType "swiss"]
[EventRounds "9"]
[EventCountry "PHI"]
[SourceTitle "playchess.com"]
[Source "ChessBase"]
[SourceQuality "1"]

{[%evp 17,25,14,9,8,18,14,20,2,8,0]} 1. e4 e5 2. Nf3 Nf6 3. Nxe5 d6 4. Nf3 Nxe4 5. Qe2 Qe7 6. d3 Nf6 7. Nc3 Qxe2+ 8. Bxe2 Be7 {C42: Petroff Defence: 3 Nxe5 and unusual White 3rd moves} (8... g6 9. Bg5 Bg7 10. O-O-O O-O 11. Rhe1 h6 12. Bh4 Nc6 13. d4 a6 14. a3 Bd7 15. d5 Na7 16. Nd4 {½-½ (65) So,W (2799)-Caruana,F (2784) Berlin 2018}) 9. O-O O-O {LiveBook: 15 Games. The position is equal.} 10. Re1 a6 11. Bf1 $146 ({Predecessor:} 11. Bg5 Nc6 12. a3 Re8 13. Bxf6 Bxf6 14. Nd5 Bd8 15. Bf1 Ne5 16. Nxe5 dxe5 {0-1 (34) Oberlaender,R (769)-Gomgar,J (1588) LSS email 2012}) 11... Nc6 12. h3 Re8 13. Bd2 1/2-1/2

[Event "17th Asian Continental-ch Open 2018"]
[Site "Makati City"]
[Date "2018.12.14"]
[Round "5"]
[White "Nguyen, Ngoc Truong Son"]
[Black "Lu, Shanglei"]
[Result "1/2-1/2"]
[WhiteElo "2641"]
[BlackElo "2636"]
[Annotator "TA"]
[PlyCount "35"]
[EventDate "2018.12.07"]
[EventType "swiss"]
[EventRounds "9"]
[EventCountry "PHI"]
[SourceTitle "playchess.com"]
[Source "ChessBase"]
[SourceQuality "1"]

{[%evp 21,35,20,29,16,19,16,40,19,24,0,0,0,0,0,6,8]} 1. e4 e6 2. d4 d5 3. exd5 exd5 4. Nf3 Nf6 5. Bd3 Bd6 6. Qe2+ Qe7 7. Qxe7+ Bxe7 8. O-O {C01: French: Exchange Variation} O-O 9. Re1 Re8 10. Bf4 c6 11. Nbd2 Nbd7 {LiveBook: 3 Games} (11... Bg4 12. Ne5 Be6 13. Nb3 a5 14. Nc5 Bxc5 15. dxc5 Nbd7 16. Nxd7 Bxd7 {1-0 (33) Carlsen,M (2838)-Meier,G (2630) chess.com INT 2017}) 12. Bg5 {[%cal Bf4g5,Bg5h4,Bh4g3][%mdl 32]} h6 $146 ({Predecessor:} 12... b6 13. Re2 h6 14. Bh4 Bb7 15. Rae1 Kf8 {½-½ (40) Lyansky,Y (1810)-Schiller,R Philadelphia 2012}) 13. Bh4 Kf8 14. a4 a5 15. c3 Bd6 {The position is equal.} 16. Rxe8+ Nxe8 17. Nf1 Ndf6 18. Bg3 1/2-1/2

[Event "17th Asian Continental-ch Open 2018"]
[Site "Makati City"]
[Date "2018.12.14"]
[Round "5"]
[White "Ganguly, Surya Shekhar"]
[Black "Sethuraman, S.P."]
[Result "1-0"]
[WhiteElo "2621"]
[BlackElo "2664"]
[Annotator "TA"]
[PlyCount "87"]
[EventDate "2018.12.07"]
[EventType "swiss"]
[EventRounds "9"]
[EventCountry "PHI"]
[SourceTitle "playchess.com"]
[Source "ChessBase"]
[SourceQuality "1"]

{[%evp 17,87,11,11,4,6,-6,16,14,29,10,12,15,128,138,166,169,131,142,179,167,177,159,212,218,214,197,186,183,184,180,203,162,252,199,184,185,225,131,135,97,134,144,126,78,75,55,77,71,59,66,66,63,149,135,260,271,233,191,472,470,894,931,739,939,1445,1378,5908,5743,2661,2451,29992,29993]} 1. e4 e5 2. Nf3 Nc6 3. Bb5 a6 4. Ba4 Nf6 5. O-O Nxe4 6. d4 b5 7. Bb3 d5 8. Nxe5 Nxe5 9. dxe5 c6 {LiveBook: 31 Games} 10. Nd2 {C80: Open Ruy Lopez: Sidelines and 9 Nbd2} Nxd2 11. Bxd2 Bf5 $146 ({Predecessor:} 11... Be7 12. Qh5 Be6 13. c3 Qd7 14. Bg5 Bf5 15. Rfe1 Bg6 16. Qh4 Bxg5 17. Qxg5 O-O {½-½ (28) Short,N (2655)-Timman,J (2635) El Escorial 1993}) 12. Qf3 {The position is equal.} Bg6 13. e6 fxe6 14. Rfe1 Qf6 {[#]} (14... Qd7 $11) 15. Bxd5 $1 $16 {[%mdl 576] Pin} O-O-O (15... cxd5 16. Qxd5) 16. Bxe6+ Kb7 17. Qe3 $36 {[%mdl 2048] White is in control.} Bc5 18. Qxc5 Rxd2 19. Bg8 {Hoping for Re7+.} Bf5 (19... Qd4 $16 {is a better defense.} 20. Re7+ Kb8 21. Qxd4 (21. Qxc6 Rd1+ {[%mdl 64] Double Attack} 22. Re1 Rxa1 $15) 21... Rxd4) 20. Re7+ $18 Bd7 21. Be6 $1 {[%cal Re6d7]} Qxb2 {[%cal Rb2a1]} 22. Rf1 Rd8 23. c3 Qc2 24. h3 g5 (24... Qd3 $142 25. Rxg7 Qd6) 25. Qxg5 Qxc3 26. Rxh7 Kc7 27. Qf4+ ({White should try} 27. h4 $18) 27... Kb6 $16 28. Bxd7 R8xd7 29. Rxd7 Rxd7 {[%mdl 4096] Endgame KQR-KQR} 30. h4 c5 31. h5 c4 32. g3 Ka5 33. Kg2 Qd3 $1 34. Qf3 Qd6 (34... Qd2 $14) 35. Rh1 Ka4 {[#]} (35... Qh6 $16 {was necessary.} 36. Qc3+ Kb6) 36. Rh4 $1 $18 Qh6 37. Rg4 Qc1 $2 (37... Rd6 38. Qf5 Rf6 39. Qc2+ Kb4) 38. Qc6 $1 {[%csl LRa6,LRd7]} Rd1 (38... Rd8 $142 39. Qxa6+ Kb4) 39. h6 {[%cal Bh5h6,Bh6h7][%mdl 32]} Rg1+ 40. Kh2 Rf1 41. Rf4 Ka5 42. h7 Qb2 43. Qc7+ Kb4 {[#]} 44. Rxc4+ $1 {[%mdl 576] Promotion. Accuracy: White = 84%, Black = 36%.} 1-0

[Event "17th Asian Continental-ch Open 2018"]
[Site "Makati City"]
[Date "2018.12.14"]
[Round "5"]
[White "Abdusattorov, Nodirbek"]
[Black "Lye, Lik Zang"]
[Result "1/2-1/2"]
[WhiteElo "2546"]
[BlackElo "2321"]
[Annotator "TA"]
[PlyCount "55"]
[EventDate "2018.12.07"]
[EventType "swiss"]
[EventRounds "9"]
[EventCountry "PHI"]
[SourceTitle "playchess.com"]
[Source "ChessBase"]
[SourceQuality "1"]

{[%evp 11,55,16,18,7,25,8,18,0,30,20,41,19,22,0,47,22,19,6,14,0,0,0,0,0,0,0,11,12,0,-11,-11,-13,-8,-14,20,-13,-15,-16,0,-28,0,-24,0,-22,0,-30]} 1. e4 {[%cal Be2e4,Be4e5][%mdl 32]} d5 2. Nc3 Nf6 3. e5 d4 4. exf6 dxc3 5. fxg7 cxd2+ 6. Bxd2 {B02: Alekhine's Defence: Chase Variation and lines with early Nc3} Bxg7 {LiveBook: 28 Games} 7. Nf3 (7. Qf3 Nc6 8. O-O-O Qd6 9. Bc3 Qh6+ 10. Kb1 Bd7 11. Bxg7 Qxg7 12. Qg3 {½-½ (12) Jovanovic,Z (2540)-Markus,R (2613) Biograd 2018}) 7... Qd5 8. c3 {White has an edge.} Nc6 9. Bf4 $146 ({Predecessor:} 9. Qa4 Bd7 10. Qc4 Be6 11. Qf4 O-O-O 12. Be3 Qa5 13. Nd2 h5 14. Qg5 Be5 15. f4 {0-1 (32) Barczi,T (2070)-Horvath,L (2208) Hungary 2012}) 9... Qe4+ 10. Be3 Bg4 11. Be2 (11. Bd3 $5 {[%cal Rd3e4]} Qd5 12. Be2 Qxd1+ 13. Rxd1 $14) 11... Bf6 12. Qd3 Qe6 (12... Qxd3 {is more complex.} 13. Bxd3 O-O-O 14. O-O-O Be6 15. a3 Bd5) 13. Qc4 (13. O-O {keeps more tension.} Bf5 14. Qd1 Rg8 15. Re1 Rd8 16. Qb3) 13... O-O-O 14. Qxe6+ Bxe6 15. h4 Bd5 16. Rh3 Rhg8 17. g3 Ne5 18. Nxe5 Bxe5 19. f4 Bd6 20. Kf2 Be6 21. Rhh1 Bg4 22. Bc4 e5 23. h5 Be6 24. Be2 Bg4 25. Bc4 Be6 26. Be2 Bg4 27. Bc4 Be6 28. Be2 {Precision: White = 46%, Black = 52%.} 1/2-1/2

[Event "17th Asian Continental-ch Open 2018"]
[Site "Makati City"]
[Date "2018.12.14"]
[Round "5"]
[White "Tran, Tuan Minh"]
[Black "Wang, Hao"]
[Result "0-1"]
[WhiteElo "2524"]
[BlackElo "2730"]
[Annotator "TA"]
[PlyCount "74"]
[EventDate "2018.12.07"]
[EventType "swiss"]
[EventRounds "9"]
[EventCountry "PHI"]
[SourceTitle "playchess.com"]
[Source "ChessBase"]
[SourceQuality "1"]

{[%evp 17,74,18,32,5,14,15,13,12,15,14,19,2,8,4,28,5,40,26,14,13,17,11,9,10,50,45,45,46,52,45,45,44,47,44,46,47,27,0,0,0,1,0,0,-75,-62,-112,-110,-109,-119,-189,-165,-880,-855,-940,-922,-930,-783,-1216,-1197]} 1. d4 Nf6 2. c4 e6 3. Nf3 b6 4. g3 Bb7 5. Bg2 g6 6. O-O Bg7 {E16: Queen's Indian: 4 g3 Bb7 5 Bg2 Bb4+} 7. Bf4 (7. Nc3 O-O 8. d5 exd5 9. cxd5 Re8 10. Nd4 c5 11. Ndb5 d6 12. Bf4 Bf8 13. a4 a6 14. Na3 Nh5 15. Bd2 Nd7 {1-0 (47) Ponomariov,R (2686)-Hou,Y (2658) Shenzhen 2018}) 7... O-O 8. Nc3 d5 9. cxd5 exd5 {LiveBook: 8 Games} 10. Qc1 c6 $146 ({Predecessor:} 10... Bh8 11. Nb5 Na6 12. Bh3 c5 13. Nd6 Bc6 14. Ne5 Ba4 15. b3 {0-1 (37) Mulyar,M (2388)-Shabalov,A (2533) Chicago 2016}) 11. Bh6 Re8 12. Bxg7 Kxg7 13. e3 Qd6 14. Rb1 Nbd7 15. b4 Ba6 16. Rd1 Bc4 17. Nd2 Bd3 18. Rb3 Bf5 19. Qb2 b5 20. a4 {[%cal Ba2a4,Ba4a5][%mdl 32]} a6 21. a5 $1 h5 22. h4 Kg8 23. Rc1 Nf8 24. Nf3 Rac8 25. Ne2 Ne6 26. Ne5 Ng4 27. f3 Nxe5 28. dxe5 Qb8 29. f4 c5 $1 30. Rbc3 (30. Nc3 $11 {remains equal.}) 30... cxb4 $17 31. Qxb4 Rc4 $1 {[%cal Rc4b4]} 32. Qd6 Bg4 $36 {[%mdl 2048] Black is on the roll.} 33. Kf2 (33. Nd4 $17 {is a better defense.} Qxd6 34. exd6 Nxd4 35. exd4) 33... Qc8 $1 $19 {[#] Hoping for ...Bxe2.} 34. Bf3 $2 (34. Rxc4 dxc4 35. Nd4) 34... Bxf3 {Black is clearly winning.} 35. Kxf3 Nc5 36. Rxc4 dxc4 37. Nc3 Rd8 {Accuracy: White = 52%, Black = 72%.} 0-1